000 01504nam a22003497a 4500
003 DO-SdBNP
005 20250828131057.0
007 ta
008 110504s2013 dr ac 000 0 spa d
020 _a9789945882063
040 _aDO-SdBNP
_bspa
_cBNPHU
_erda
082 4 _a306.097293
_bC397a 2012
_222
110 2 _aCentro Cultural Eduardo León Jimenes
_956909
245 1 0 _aAnuario 2012 :
_bCentro León: explorando identidades transformantes /
_cSusan Jiménez, Ana Azcona, Luis Felipe Rodríguez ; fotografías, José Enrique Tavárez, Jhonnatan Freites, Ana Azcona
260 _aSantiago de los Caballeros, República Dominicana, :
_bCentro León,
_c2013.
300 _a63 páginas :
_bilustraciones ; retratos,
_c32 cm.
336 _atexto
_btxt
_2rdacontent
337 _asin mediación
_bn
_2rdamedia
338 _avolumen
_bnc
_2rdacarrier
590 _aInventariado, 2022/ YL
610 2 0 _aCentro Cultural Eduardo León Jumenes
_988547
650 7 _aArte
_zRepública Dominicana
_981690
_vExposiciones
_2LEMB
650 7 _aCultura
_zRepública Dominicana
_91983
650 7 _aCentros culturales
_zRepública Dominicana
_981691
_2LEMB
700 1 2 _aJiménez, Susan,
_eautor
_981699
_4aut.
700 1 _aAzcona, Ana,
_eautor
_981700
_4aut.
_4fot
700 1 _aRodríguez, Luis Felipe,
_eautor
_917679
_4aut.
700 1 _aTavárez, José Enrique,
_efotografías
_976983
_4fot.
700 1 _aFreites, Jhonnatan,
_efot.
_981701
910 _aYLockward/Validado. Control de calidad MFF
942 _2ddc
_cLBS1
999 _c47241
_d47241